Statistics for British Army Infantry Regiments

Click here to take the quiz!

General Stats

  • This quiz has been taken 227 times
    (118 since last reset)
  • The average score is 11 of 19

Answer Stats

Regiment % Correct
Welsh Guards
86%
Scots Guards
82%
Royal Irish Regiment
82%
Coldstream Guards
80%
Irish Guards
80%
The RIFLES
79%
Grenadier Guards
75%
Yorkshire Regiment
68%
Mercian Regiment
62%
Duke of Lancaster Royal Regiment
61%
Parachute Regiment
58%
Royal Regiment of Scotland
57%
Princess of Wales Royal Regiment
51%
Royal Gurkha Rifles
49%
Royal Regiment of Fusiliers
41%
Royal Welsh
41%
Royal Anglian Regiment
41%
London Regiment
21%
Royal Gibraltar Regiment
17%

Score Distribution

Percentile by Number Answered

Percent of People with Each Score

Your Score History

You have not taken this quiz since the last reset